000 00974nam a22003137a 4500
001 6292
003 FISKH
005 20250409120923.0
008 250409b cb ||||| |||| 00| 0 eng d
040 _aDLC
_cDLC
_dDLC
_beng
050 _aPZ7.K6797 H
082 _a513
100 1 _aKline, Suzy.
_d(1943-)
245 1 0 _aHorrible Harry goes to the moon /
_cby Suzy Kline ; pictures by Frank Remkiewicz.
250 _aThis edition first published in 2001
260 _aNew York :
_bScholastic,
_c2000.
300 _a51 pages :
_billustrations ;
_c20 cm.
505 _aJ
520 _aInspired by his third-grade class's study of the moon, Harry announces that he is going there.
521 8 _a450
_bLexile
521 8 _aJ
_bRaz-Plus
650 1 _aSchools
_vFiction.
651 1 _aMoon
_vFiction.
700 1 _aRemkiewicz, Frank.
_dillustrator
906 _a7
_bcbc
_corignew
_d1
_eocip
_f19
_gy-gencatlg
942 _2ddc
_cBK
_n0
999 _c6292
_d6292